[Event "Saint Louis Showdown Blitz 2"]
[Site "Saint Louis"]
[Date "2015.11.15"]
[Round "1"]
[White "Negi, Parimarjan"]
[Black "Hou, Yifan"]
[Result "1/2-1/2"]
[WhiteElo "2664"]
[BlackElo "2683"]
[PlyCount "136"]
[EventDate "2015.11.15"]
[EventType "match (blitz)"]
[EventRounds "8"]
[EventCountry "USA"]
[SourceTitle "CBM 169 Extra"]
[Source "ChessBase"]
[SourceDate "2015.12.18"]
[SourceVersion "1"]
[SourceVersionDate "2015.12.18"]
[SourceQuality "1"]

1. e4 c5 2. Nf3 Nc6 3. d4 cxd4 4. Nxd4 g6 5. Nc3 Bg7 6. Be3 Nf6 7. Bc4 O-O 8.
Bb3 d5 9. exd5 Na5 10. O-O Nxb3 11. Nxb3 b6 12. Qd2 Bb7 13. Rad1 Qc7 14. Bf4
Qc4 15. Rfe1 Rfd8 16. Qd4 Qxd4 17. Nxd4 Nxd5 18. Nxd5 Rxd5 19. Nb3 Bxb2 20.
Rxd5 Bxd5 21. Rxe7 a5 22. Be5 Kf8 23. Bd6 Kg7 24. Be5+ Bxe5 25. Rxe5 Be6 26. a3
Rc8 27. Nd4 Rc3 28. h4 Rxa3 29. Nxe6+ fxe6 30. Rxe6 b5 31. Rb6 b4 32. Rb5 Ra2
33. g4 Kf6 34. Kg2 Ke6 35. h5 gxh5 36. gxh5 Kd6 37. Rb7 Rxc2 38. Rxh7 b3 39. h6
a4 40. Rb7 Rc8 41. Rb4 Rh8 42. Rxa4 b2 43. Rb4 Ke5 44. Rb5+ Kf4 45. Rxb2 Rxh6
46. Rb4+ Kf5 47. Kg3 Rg6+ 48. Kf3 Rc6 49. Rb5+ Kf6 50. Rb4 Rc2 51. Ke3 Rc3+ 52.
Kf4 Ra3 53. Rb6+ Kf7 54. Kg4 Ra5 55. f4 Rc5 56. Rh6 Kg7 57. Re6 Kf7 58. Ra6 Kg7
59. Ra7+ Kf6 60. Ra6+ Kf7 61. Kf3 Rb5 62. Ke4 Rb4+ 63. Kf5 Rb5+ 64. Kg4 Rc5 65.
f5 Rc1 66. Ra7+ Kf6 67. Ra6+ Kf7 68. Kg5 Rg1+ 1/2-1/2

[Event "Saint Louis Showdown Blitz 2"]
[Site "Saint Louis"]
[Date "2015.11.15"]
[Round "2"]
[White "Hou, Yifan"]
[Black "Negi, Parimarjan"]
[Result "1-0"]
[WhiteElo "2683"]
[BlackElo "2664"]
[PlyCount "123"]
[EventDate "2015.11.15"]
[EventType "match (blitz)"]
[EventRounds "8"]
[EventCountry "USA"]
[SourceTitle "CBM 169 Extra"]
[Source "ChessBase"]
[SourceDate "2015.12.18"]
[SourceVersion "1"]
[SourceVersionDate "2015.12.18"]
[SourceQuality "1"]

1. e4 c5 2. Nf3 d6 3. d4 cxd4 4. Qxd4 Nc6 5. Bb5 Bd7 6. Qd3 Nf6 7. c4 e6 8. Nc3
Be7 9. O-O O-O 10. h3 a6 11. Bxc6 Bxc6 12. Be3 Nd7 13. Nd4 Ne5 14. Qe2 Bd7 15.
Rac1 Rc8 16. b3 Qa5 17. Qd2 Rfe8 18. Rfd1 Qc7 19. Qe2 Qb8 20. a4 Bf8 21. a5 Nc6
22. Nxc6 bxc6 23. Na4 Rcd8 24. Nb6 Bc8 25. Bf4 Bb7 26. e5 c5 27. Qe3 Bc6 28.
exd6 e5 29. d7 Re6 30. Bg3 Qb7 31. f3 Bxd7 32. Bh4 f6 33. Rd5 Rd6 34. Rcd1 Be6
35. Rxd6 Rxd6 36. Rxd6 Bxd6 37. Qd2 Qc6 38. Bf2 Kf7 39. Nd5 Bxd5 40. cxd5 Qb5
41. Qc2 Qxa5 42. Qxh7 Qa1+ 43. Kh2 Qb2 44. Qh5+ Ke7 45. Qf5 e4+ 46. f4 Qxf2 47.
Qe6+ Kf8 48. Qxd6+ Kg8 49. Qe6+ Kf8 50. Qxe4 Qd4 51. Qxd4 cxd4 52. Kg3 Ke7 53.
Kf3 f5 54. g4 Kd6 55. gxf5 Kxd5 56. h4 d3 57. Ke3 d2 58. Kxd2 Ke4 59. f6 gxf6
60. h5 Kf5 61. b4 Ke6 62. Ke3 1-0

[Event "Saint Louis Showdown Blitz 2"]
[Site "Saint Louis"]
[Date "2015.11.15"]
[Round "3"]
[White "Negi, Parimarjan"]
[Black "Hou, Yifan"]
[Result "1/2-1/2"]
[WhiteElo "2664"]
[BlackElo "2683"]
[PlyCount "128"]
[EventDate "2015.11.15"]
[EventType "match (blitz)"]
[EventRounds "8"]
[EventCountry "USA"]
[SourceTitle "CBM 169 Extra"]
[Source "ChessBase"]
[SourceDate "2015.12.18"]
[SourceVersion "1"]
[SourceVersionDate "2015.12.18"]
[SourceQuality "1"]

1. e4 c5 2. Nf3 Nc6 3. d4 cxd4 4. Nxd4 e5 5. Nb5 d6 6. N1c3 a6 7. Na3 Be7 8.
Be3 Nf6 9. Nc4 b5 10. Nb6 Rb8 11. Nxc8 Qxc8 12. Be2 O-O 13. O-O b4 14. Nd5 Nxe4
15. a4 Bd8 16. a5 f5 17. Bb6 Kh8 18. Qd3 Nc5 19. Qc4 Bxb6 20. axb6 a5 21. Rfd1
Qb7 22. c3 b3 23. Bf1 e4 24. Nf4 Ne5 25. Qb5 Qxb6 26. Qxb6 Rxb6 27. Rxa5 g5 28.
Nd5 Rb7 29. Nb4 Rf6 30. Ra8+ Kg7 31. Rd8 Nf7 32. Re8 Re6 33. Rc8 Ne5 34. Rd8
Ned3 35. Nxd3 Nxd3 36. Bxd3 exd3 37. g4 fxg4 38. Rxd3 Re2 39. R3xd6 Rxb2 40.
R8d7+ Rxd7 41. Rxd7+ Kg6 42. Rb7 h5 43. Kg2 Kf5 44. Rb5+ Kf4 45. Rb4+ Ke5 46.
Rb5+ Ke4 47. Rxg5 Rc2 48. Rxh5 b2 49. Rb5 Kd3 50. Kg3 Kxc3 51. Kxg4 Rxf2 52. h4
Rd2 53. Rxb2 Rxb2 54. h5 Kd4 55. Kf5 Rb6 56. Kg5 Ke5 57. h6 Rb1 58. Kg6 Ke6 59.
Kg7 Rg1+ 60. Kf8 Rf1+ 61. Kg7 Ke7 62. h7 Rg1+ 63. Kh8 Rh1 64. Kg7 Rg1+ 1/2-1/2

[Event "Saint Louis Showdown Blitz 2"]
[Site "Saint Louis"]
[Date "2015.11.15"]
[Round "4"]
[White "Hou, Yifan"]
[Black "Negi, Parimarjan"]
[Result "1-0"]
[WhiteElo "2683"]
[BlackElo "2664"]
[PlyCount "102"]
[EventDate "2015.11.15"]
[EventType "match (blitz)"]
[EventRounds "8"]
[EventCountry "USA"]
[SourceTitle "CBM 169 Extra"]
[Source "ChessBase"]
[SourceDate "2015.12.18"]
[SourceVersion "1"]
[SourceVersionDate "2015.12.18"]
[SourceQuality "1"]

1. e4 c5 2. Nf3 d6 3. d4 cxd4 4. Qxd4 Nc6 5. Bb5 Bd7 6. Qd3 Nf6 7. c4 e6 8. Nc3
Be7 9. O-O O-O 10. Rd1 a6 11. Bxc6 Bxc6 12. Nd4 Bd7 13. b3 Rc8 14. Bb2 Qc7 15.
a4 b6 16. Ba3 Rfe8 17. Nde2 d5 18. Bxe7 Rxe7 19. cxd5 exd5 20. exd5 Qd6 21. Ng3
h5 22. h3 h4 23. Nge4 Nxe4 24. Nxe4 Qg6 25. Re1 Rce8 26. f3 f5 27. d6 fxe4 28.
Qc4+ Rf7 29. Rxe4 Rxe4 30. Qxe4 Qxe4 31. fxe4 Rf6 32. e5 Re6 33. Re1 Kf7 34.
Re4 g5 35. Kf2 Kg6 36. Ke3 Kf5 37. Kd4 Bc6 38. Re2 Re8 39. Rf2+ Ke6 40. Rf6+
Kd7 41. Rf7+ Ke6 42. Rf6+ Kd7 43. Rf7+ Kd8 44. Rg7 Bxg2 45. Rxg5 Bxh3 46. Rh5
Rg8 47. Rxh4 Rg4+ 48. Rxg4 Bxg4 49. b4 Kd7 50. a5 b5 51. Kc5 Kd8 1-0

[Event "Saint Louis Showdown Blitz 2"]
[Site "Saint Louis"]
[Date "2015.11.15"]
[Round "5"]
[White "Negi, Parimarjan"]
[Black "Hou, Yifan"]
[Result "1/2-1/2"]
[WhiteElo "2664"]
[BlackElo "2683"]
[PlyCount "110"]
[EventDate "2015.11.15"]
[EventType "match (blitz)"]
[EventRounds "8"]
[EventCountry "USA"]
[SourceTitle "CBM 169 Extra"]
[Source "ChessBase"]
[SourceDate "2015.12.18"]
[SourceVersion "1"]
[SourceVersionDate "2015.12.18"]
[SourceQuality "1"]

1. e4 c5 2. Nf3 Nc6 3. d4 cxd4 4. Nxd4 g6 5. Nc3 Bg7 6. Be3 Nf6 7. Be2 O-O 8.
Nb3 d6 9. f4 a6 10. O-O b5 11. Bf3 Bb7 12. Qe1 b4 13. Nd5 Nd7 14. Nxb4 Bxb2 15.
Rb1 Bg7 16. Nd3 Rb8 17. c4 a5 18. a4 Ba6 19. Nd2 Rxb1 20. Qxb1 Nd4 21. Rc1 Qb8
22. Kh1 Nxf3 23. gxf3 Qc7 24. Nb3 f5 25. c5 fxe4 26. fxe4 Qc6 27. Nf2 Nxc5 28.
Nxc5 dxc5 29. Rxc5 Qxa4 30. Qb6 Be2 31. Qxa5 Qb3 32. Qd2 Bf3+ 33. Kg1 Bxe4 34.
Nxe4 Qb1+ 35. Kf2 Qxe4 36. Qd5+ Qxd5 37. Rxd5 Rf5 38. Rxf5 gxf5 39. Kf3 Kf7 40.
Bd2 Ke6 41. h3 Kd5 42. Bb4 Bf6 43. Ba3 e6 44. Bb4 Kd4 45. Bd6 Kd3 46. Bc7 Kd4
47. Bb8 e5 48. fxe5 Bxe5 49. Ba7+ Kd5 50. Be3 Ke6 51. Bc1 Kf6 52. Bd2 Kg6 53.
Bc1 Kh5 54. Bd2 Kh4 55. Kg2 Kh5 1/2-1/2

[Event "Saint Louis Showdown Blitz 2"]
[Site "Saint Louis"]
[Date "2015.11.15"]
[Round "6"]
[White "Hou, Yifan"]
[Black "Negi, Parimarjan"]
[Result "1/2-1/2"]
[WhiteElo "2683"]
[BlackElo "2664"]
[PlyCount "111"]
[EventDate "2015.11.15"]
[EventType "match (blitz)"]
[EventRounds "8"]
[EventCountry "USA"]
[SourceTitle "CBM 169 Extra"]
[Source "ChessBase"]
[SourceDate "2015.12.18"]
[SourceVersion "1"]
[SourceVersionDate "2015.12.18"]
[SourceQuality "1"]

1. e4 c5 2. Nf3 e6 3. d4 cxd4 4. Nxd4 Nc6 5. Nc3 Qc7 6. g3 a6 7. Bg2 Nf6 8. O-O
h5 9. Bg5 h4 10. Nxc6 bxc6 11. Bxh4 Bc5 12. Bg5 Rb8 13. Rb1 d6 14. Qf3 Nd7 15.
Qe2 Ne5 16. h3 a5 17. Be3 Qa7 18. Bxc5 Qxc5 19. Na4 Qb5 20. Qxb5 cxb5 21. Nc3
b4 22. Ne2 Ba6 23. Rfe1 Rc8 24. Nd4 Ke7 25. a3 bxa3 26. bxa3 Nc4 27. a4 Kd7 28.
Red1 Rb8 29. Rb3 Rb4 30. Rxb4 axb4 31. Bf1 Ra8 32. Nb3 Kc7 33. Rd4 Na3 34. Bxa6
Rxa6 35. Rxb4 Nxc2 36. Rc4+ Rc6 37. Rxc6+ Kxc6 38. Kf1 d5 39. exd5+ Kxd5 40.
Ke2 Kc4 41. Nd2+ Kb4 42. Ne4 Nd4+ 43. Kd3 Nc6 44. Ng5 Nd8 45. Kd4 Kxa4 46. Kc5
f6 47. Ne4 Nf7 48. Nd6 Ng5 49. h4 Nh3 50. f4 Nf2 51. Kd4 Kb4 52. Ne8 Nh1 53.
Nxg7 Nxg3 54. h5 Nxh5 55. Nxh5 e5+ 56. fxe5 1/2-1/2

[Event "Saint Louis Showdown Blitz 2"]
[Site "Saint Louis"]
[Date "2015.11.15"]
[Round "7"]
[White "Negi, Parimarjan"]
[Black "Hou, Yifan"]
[Result "1-0"]
[WhiteElo "2664"]
[BlackElo "2683"]
[PlyCount "69"]
[EventDate "2015.11.15"]
[EventType "match (blitz)"]
[EventRounds "8"]
[EventCountry "USA"]
[SourceTitle "CBM 169 Extra"]
[Source "ChessBase"]
[SourceDate "2015.12.18"]
[SourceVersion "1"]
[SourceVersionDate "2015.12.18"]
[SourceQuality "1"]

1. e4 c5 2. Nf3 Nc6 3. Bb5 g6 4. O-O Bg7 5. Bxc6 dxc6 6. Nc3 e5 7. d3 Ne7 8. a4
a5 9. Be3 b6 10. Nd2 O-O 11. Kh1 f5 12. exf5 gxf5 13. f4 Nd5 14. Nxd5 cxd5 15.
fxe5 Bxe5 16. d4 Bg7 17. c3 Ba6 18. Rf3 Qd6 19. Nb3 c4 20. Bf4 Qd7 21. Nd2 Rae8
22. Rg3 Re6 23. Nf3 Rg6 24. Qd2 Re8 25. Be5 Rxg3 26. hxg3 Qf7 27. Rf1 Bc8 28.
Qf4 Bd7 29. Kg1 Bxa4 30. Bxg7 Kxg7 31. Ne5 Qe6 32. Qg5+ Kh8 33. Rxf5 h6 34. Qf4
Rg8 35. Rf6 1-0

[Event "Saint Louis Showdown Blitz 2"]
[Site "Saint Louis"]
[Date "2015.11.15"]
[Round "8"]
[White "Hou, Yifan"]
[Black "Negi, Parimarjan"]
[Result "1/2-1/2"]
[WhiteElo "2683"]
[BlackElo "2664"]
[PlyCount "85"]
[EventDate "2015.11.15"]
[EventType "match (blitz)"]
[EventRounds "8"]
[EventCountry "USA"]
[SourceTitle "CBM 169 Extra"]
[Source "ChessBase"]
[SourceDate "2015.12.18"]
[SourceVersion "1"]
[SourceVersionDate "2015.12.18"]
[SourceQuality "1"]

1. e4 c6 2. d4 d5 3. Nc3 dxe4 4. Nxe4 Bf5 5. Ng3 Bg6 6. h4 h6 7. Nf3 Nd7 8. h5
Bh7 9. Bd3 Bxd3 10. Qxd3 e6 11. Bd2 Ngf6 12. O-O-O Be7 13. Kb1 O-O 14. Ne4 Nxe4
15. Qxe4 Nf6 16. Qe2 Qd5 17. Ne5 Qe4 18. Qxe4 Nxe4 19. Be3 Rfd8 20. g4 c5 21.
f3 cxd4 22. Bxd4 Bc5 23. Bxc5 Nxc5 24. c4 f6 25. Ng6 Kf7 26. Kc2 e5 27. Rxd8
Rxd8 28. Rd1 Rxd1 29. Kxd1 e4 30. fxe4 Nxe4 31. Ke2 f5 32. Ke3 Nd6 33. c5 Nc4+
34. Kd4 Nxb2 35. gxf5 Na4 36. Nf4 Kf6 37. Ne6 Kxf5 38. Nxg7+ Kf6 39. Ne8+ Ke7
40. Ng7 Kf6 41. Ne8+ Ke7 42. Ng7 Kf6 43. Ne8+ 1/2-1/2

[Event "Punta Arenas m"]
[Site "Punta Arenas"]
[Date "2016.02.05"]
[Round "1"]
[White "Henriquez Villagra, Cristobal"]
[Black "Hou, Yifan"]
[Result "1/2-1/2"]
[WhiteElo "2505"]
[BlackElo "2673"]
[PlyCount "120"]
[EventDate "2016.02.05"]
[EventType "match"]
[EventRounds "4"]
[EventCountry "CHI"]
[SourceTitle "CBM 170 Extra"]
[Source "ChessBase"]
[SourceDate "2016.02.25"]
[SourceVersion "1"]
[SourceVersionDate "2016.02.25"]
[SourceQuality "1"]

1. e4 e5 2. Nf3 Nc6 3. Bc4 Bc5 4. c3 Nf6 5. d3 a6 6. Bb3 d6 7. h3 h6 8. Nbd2
Be6 9. Bxe6 fxe6 10. Qe2 O-O 11. Nb3 Ba7 12. O-O Nh5 13. d4 Qf6 14. Be3 Nf4 15.
Bxf4 Qxf4 16. Rad1 Qf6 17. Rd3 Rf7 18. a3 Raf8 19. Kh1 g5 20. d5 exd5 21. exd5
Ne7 22. Nbd2 Qg6 23. Ne4 Rf4 24. Re1 c6 25. c4 cxd5 26. cxd5 Nf5 27. Kh2 g4 28.
hxg4 Rxg4 29. g3 Bxf2 30. Qxf2 Nxg3 31. Qxg3 Rxg3 32. Nh4 Rxd3 33. Nxg6 Rff3
34. Ne7+ Kf8 35. Nc8 Rde3 36. Rxe3 Rxe3 37. Ncxd6 b6 38. Nc3 b5 39. Kg2 h5 40.
Nde4 Rd3 41. Kh2 Kf7 42. Kg2 Kg6 43. d6 Kf5 44. Kh2 Rd4 45. Kh3 Ke6 46. Nc5+
Kxd6 47. Nxa6 Kc6 48. Nb4+ Kc5 49. Na6+ Kb6 50. Nb4 Rd2 51. Nbd5+ Kc6 52. Nb4+
Kb6 53. Nbd5+ Kb7 54. Nb4 Rxb2 55. Nxb5 Kb6 56. Nd6 Rb3+ 57. Kh4 Kc5 58. Ne4+
Kd4 59. Nf6 Kc4 60. Nc6 Rxa3 1/2-1/2

[Event "Punta Arenas m"]
[Site "Punta Arenas"]
[Date "2016.02.08"]
[Round "2"]
[White "Hou, Yifan"]
[Black "Henriquez Villagra, Cristobal"]
[Result "1-0"]
[WhiteElo "2673"]
[BlackElo "2505"]
[Annotator "Sequera Paolini,J"]
[PlyCount "49"]
[EventDate "2016.02.05"]
[EventType "match"]
[EventRounds "4"]
[EventCountry "CHI"]
[SourceTitle "CBM 170 Extra"]
[Source "ChessBase"]
[SourceDate "2016.02.25"]
[SourceVersion "1"]
[SourceVersionDate "2016.02.25"]
[SourceQuality "1"]

{Segunda partida del match bicontinental entre la mejor ajedrecista del
planeta y el joven estrella chileno que eliminó a Gelfand en la Copa Mundial
en Baku} 1. c4 c5 2. Nf3 Nf6 {A partir de este momento en esta simétrica
posición comienza la TENSA PROVOCACION a ver quien se lanza primero en el
centro. Las blancas por jugar primero parecieran tener la primera opción pero
al estar su respectivo peón "e" intacto las negras también pueden atreverse
a golpear con muy poco riesgo. Todo es cuestión del estado de ánimo del día
de cada jugador: quién quiere ocupar el centro y quien se queda lanzándole
granadas luego} 3. Nc3 {primera negación} ({Es perfectamente posible} 3. d4 {
como lo demuestra por ejemplo la siguiente célebre partida} cxd4 4. Nxd4 b6 ({
Otro ejemplo pero reciente protagonizado por el MÁS GRANDE de los últimos
años, veamos} 4... Nc6 5. Nc3 g6 6. g3 d6 7. Bg2 Bd7 8. Nxc6 Bxc6 9. e4 Bg7
10. O-O O-O 11. Be3 a5 12. Qe2 Nd7 13. Rfd1 a4 14. Rac1 Qa5 15. Nd5 Bxd5 16.
Rxd5 Qa6 17. h4 {Diagrama [#] 1-0 (48) Carlsen,M (2881)-Iturrizaga Bonelli,E 
(2653) Dubai 2014}) 5. Nc3 Bb7 6. Bg5 Ne4 7. Nxe4 Bxe4 8. f3 Bb7 9. e4 f6 10.
Be3 Nc6 11. Nb5 {Diagrama [#] Alexander Alekhine RUS - Friedrich Saemisch GER,
Baden Baden, Alemania 1925 ...1-0 Mis HONORES al gran ALEKHINE}) 3... e6 ({
Las negras también pueden. Por ejemplo} 3... d5 {Diagrama [#]} 4. cxd5 Nxd5 5.
g3 ({o también el siguiente ejemplo con las negras del OGRO DE BAKU (no se
podía quedar afuera) donde la partida viajó a una Def. Grunfeld} 5. d4 Nxc3
6. bxc3 g6 7. e4 Bg7 8. Be3 Qa5 9. Qd2 Bg4 10. Rc1 Bxf3 11. gxf3 e6 12. d5 exd5
13. exd5 Nd7 14. c4 Qb6 15. Bh3 f5 16. O-O Qd6 17. Bf4 Be5 18. Rfe1 O-O-O 19.
Bxe5 Nxe5 20. Qc3 Rhe8 21. Re3 Qf6 22. f4 Nd7 23. Bg2 Qxc3 24. Rcxc3 Nf6 25.
Bf3 Rxe3 26. fxe3 Rd6 27. Ra3 Kb8 28. Rb3 Ra6 29. a3 Ne8 30. e4 fxe4 31. Bxe4
Nd6 32. Bd3 Ra4 33. Rc3 Kc7 34. Kf2 b5 35. cxb5 Kb6 36. Ke3 c4 37. Bc2 Nxb5 38.
Bxa4 Nxc3 39. Be8 Kc5 40. d6 Nd5+ 41. Ke4 Nf6+ {Diagrama [#]} 42. Ke3 Kxd6 43.
Bf7 Kc5 44. h4 Ng4+ 45. Kd2 Kd4 46. h5 gxh5 47. Bxh5 Nf6 {0-1 (47) Yermolinsky,
A (2597)-Kasparov,G (2812) Wijk aan Zee 1999}) 5... g6 6. Bg2 Bg7 7. O-O Nc6 8.
Qb3 Nxc3 9. dxc3 O-O 10. Rd1 Qc7 {Diagrama [#] nada menos que Richard Reti CZE
- Akiba Rubinstein POL en el mismo Baden Baden, Alemania 1925}) 4. d4 {Final
de la intriga y comienzo de la lucha central} (4. g3 {también es por supuesto
posible}) 4... cxd4 ({Entre otras cosas las negras también pueden pasar a una
tarrasch mediante} 4... d5) 5. Nxd4 a6 ({La principal opción es} 5... Bb4 {
Diagrama [#] y seguimos con ejemplos de los GRANDES GENIOS de nuestro deporte}
6. Nc2 (6. g3 Ne4 7. Qd3 Qa5 8. Nb3 (8. Bd2 Nxd2 9. Qxd2 Nc6 {con chances
mutuos}) 8... Qf5 9. Qe3 Nxc3 10. bxc3 Be7 11. Bg2 {derivando en una posición
llena de vida}) 6... Bxc3+ 7. bxc3 Qa5 8. Qd3 Nc6 9. Ba3 b6 ({Hoy en día lo
más preciso quizás es} 9... d5 {Diagrama [#]} 10. Bd6 Bd7 $15) 10. Bd6 Ba6
11. e4 b5 {El juego típíco, sagaz, irreverente del GRAN BOBBY} 12. Be2 ({
El blanco tiene} 12. c5 Qa4 13. f3 b4 {con complicaciones}) 12... bxc4 13. Qe3
Qb6 14. f3 O-O-O 15. O-O Qxe3+ 16. Nxe3 Ne8 17. Bg3 d5 18. exd5 exd5 19. Rfd1
Ne7 20. Rd2 Nc7 21. Rad1 Bb7 22. Be5 f6 23. Bd4 Nc6 24. Bc5 Rhe8 25. Kf2 Ne6
26. Ba3 Nf4 27. Bf1 Ne5 28. Nf5 Kc7 29. Nxg7 Rg8 30. g3 Nh3+ 31. Bxh3 Rxg7 32.
Bf1 Ba6 33. Bc5 Nd3+ 34. Bxd3 cxd3 35. Bxa7 Re7 36. Rxd3 Bxd3 37. Rxd3 Ra8 38.
Be3 Rxa2+ 39. Bd2 Kc6 40. g4 f5 41. gxf5 Rf7 42. Kg3 Rxf5 43. Kg4 Rf7 44. h4
Ra1 45. Be3 Rf1 46. Bd4 Kb5 47. Be3 Rg7+ 48. Kh5 Rd7 49. Bd4 Kc4 50. Re3 Rf7
51. Kh6 Rh1 52. h5 Rf5 53. Kxh7 Rhxh5+ 54. Kg6 Rhg5+ 55. Kh6 Rg2 56. Be5 Rf2
57. f4 R2xf4 58. Bxf4 Rxf4 59. Kg5 Rf1 60. Kg4 Rc1 61. Kf4 Rxc3 62. Re8 d4 63.
Rc8+ Kd3 64. Ra8 Rc7 65. Ra3+ Kc2 66. Ke4 d3 67. Ra2+ Kb3 68. Rd2 Kc4 69. Rh2
Re7+ 70. Kf3 Kc3 71. Rh8 d2 72. Rc8+ Kd3 73. Rd8+ Kc2 74. Rc8+ Kd1 75. Kf2 Rf7+
{0-1 (75) Ivkov,B-Fischer,R Vinkovci 1968}) 6. g3 ({Frontal es} 6. e4 Qc7 7. a3
b6 8. Be3 Bb7 9. f3 d6 10. Be2 {Típico esquema Maroczy}) 6... Qc7 7. Bg2 Be7 (
{En la siguiente partida las negras pagaron caro la osadía de} 7... Qxc4 8.
O-O Nc6 9. Nb3 d5 ({Acá la clave puede ser sacar la dama de peligros así} 
9... Qg4 10. Bf4 d5 {y aunque las blancas tienen comodidade para jugar es una
posición jugable}) 10. Bf4 Qb4 11. Re1 Be7 12. e4 dxe4 13. Bc7 $1 e3 14. Rxe3
O-O 15. h3 Na7 16. Rc1 Nb5 17. a3 Nxc3 18. Rcxc3 Qa4 19. Qc1 Qd7 20. Be5 Nd5
21. Red3 Nxc3 22. Qxc3 Qb5 23. Bxg7 Qxd3 24. Qxd3 Kxg7 25. Nc5 Rd8 26. Qe3 Rb8
27. Qe5+ Kh6 28. Qxb8 Bxc5 29. Qc7 Rd1+ 30. Kh2 Bxf2 31. Qf4+ {1-0 (31)
Kasparov,G (2838)-Kramnik,V (2802) Moscow 2001}) 8. O-O O-O 9. e4 d6 (9... Qxc4
$2 10. e5 $16 {etcétera}) 10. Be3 Nbd7 ({Luce más cómodo ir a simplificar
un par de caballos} 10... Nc6 {Veamos la siguiente partida} 11. Rc1 Nxd4 12.
Bxd4 Rb8 13. Qe2 Nd7 14. f4 b6 15. b3 Bb7 16. f5 Bf6 17. Bxf6 Nxf6 18. fxe6
fxe6 19. Bh3 Rbe8 20. Qe3 Ba8 21. Rcd1 d5 22. e5 d4 23. Qxd4 Qc6 24. Nd5 Nxd5
25. Rxf8+ Rxf8 26. cxd5 Qxd5 27. Qxd5 Bxd5 28. Bg2 Rd8 29. Bxd5 Rxd5 30. Rxd5
exd5 31. Kf2 Kf7 32. Ke3 Ke6 33. Kd4 a5 34. h3 g5 35. h4 g4 36. h5 b5 37. b4
axb4 38. h6 b3 39. axb3 b4 40. Kc5 Kxe5 41. Kxb4 d4 42. Ka3 Ke4 43. b4 d3 44.
Kb2 Ke3 {0-1 (44) Nielsen,P (2640)-Wojtaszek,R (2630) Athens 2006}) 11. Rc1 Ne5
{[%emt 0:00:10] Diagrama [#] Esta casilla es temporal para este caballo y
terminará iendo a la casilla que despreció en la jugada Diagrama [#] Esta
casilla es temporal para este caballo y terminará iendo a la casilla que
despreció en la jugada} 12. b3 Bd7 13. h3 Qa5 14. Qd2 {Se amenaza ahora 15.Cd5
} Rfc8 15. f4 {Las blancas juegan a placer} ({También era posible} 15. Nd5
Qxd2 16. Nxe7+ Kf8 17. Bxd2 Kxe7 18. f4 Nc6 19. Nc2 b5 20. Ne3 {Con el plan de
Tcd1, Aa1, Aa3 o Ab2 con excelente juego blanco}) 15... Nc6 16. Qf2 Bd8 ({Si} 
16... Nxd4 17. Bxd4 Bc6 18. Bf3 $16) 17. Rfd1 Ne8 18. Nf3 {se amenaza con
fuerza 19. e5} Nb8 19. e5 d5 ({contra la defensiva jugada} 19... Qc7 {Diagrama
[#] Sigue con mucha energía} 20. f5 $1 dxe5 21. Nxe5 $1 Qxe5 (21... Nf6 22.
Bf4 Nh5 23. Nxd7 {Ganando}) 22. Bxb7 {Ventaja decisiva}) 20. Nd2 {todos contra
"d5"} Qb4 21. a3 {desviando la dama de la visión sobre "c3" para poder tomar
en "d5" con peón} Qxa3 22. cxd5 exd5 23. Ra1 Qf8 24. Nxd5 {Se amenaza 25.Cc4}
Be6 (24... Bc6 $4 25. Bc5 $18) 25. Nc4 {Diagrama [#] Las negras detuvieron el
sufrimiento. Buena victoria de la china Hou Yifan} 1-0

[Event "Punta Arenas m"]
[Site "Punta Arenas"]
[Date "2016.02.09"]
[Round "3"]
[White "Henriquez Villagra, Cristobal"]
[Black "Hou, Yifan"]
[Result "1-0"]
[WhiteElo "2505"]
[BlackElo "2673"]
[Annotator "Sequera Paolini,J"]
[PlyCount "97"]
[EventDate "2016.02.05"]
[EventType "match"]
[EventRounds "4"]
[EventCountry "CHI"]
[SourceTitle "CBM 170 Extra"]
[Source "ChessBase"]
[SourceDate "2016.02.25"]
[SourceVersion "1"]
[SourceVersionDate "2016.02.25"]
[SourceQuality "1"]

{ZARPAZO LOCAL!! Tercera partida del Match. Henriquez se desvía del peón rey
efectuado en la primera} 1. d4 Nf6 2. c4 e6 3. Nf3 c5 4. e3 ({Rehuye el
sistema benoni que iniciaría con} 4. d5) 4... a6 {evadiendo la línea} (4...
d5 5. cxd5 exd5 6. Bb5+) 5. Nc3 d5 6. dxc5 {Diagrama [#]} ({Lo más jugado es
de la siguiente manera} 6. cxd5 exd5 7. Be2 Nc6 8. O-O Bd6 9. dxc5 Bxc5 10. b3
O-O 11. Bb2 Ba7 $11) 6... Bxc5 7. a3 O-O 8. b4 Bd6 (8... Ba7 9. Bb2 Nc6 10. Qc2
Bd7 11. Rd1 Rc8 12. Qb3 dxc4 13. Bxc4 Qe7 14. O-O Rfd8 {también es posible})
9. Bb2 Nc6 10. Qc2 Qe7 11. Rd1 Rd8 {reagrupación mutua} 12. cxd5 {Diagrama [#]
Definitivamente las blancas jugarán contra el peón aislado} exd5 13. Be2 Be6
14. O-O Rac8 15. Qb1 b5 16. Qa1 Qf8 (16... Bb8 17. Rfe1 ({Si} 17. Nb1 Bf5 $5 {
Sin temor a} 18. Bxf6 Qxf6 19. Qxf6 gxf6 {A cambio de su peor estructura de
peones las negras tienen su piezas mejor dispuestas y pareja de alfiles}) 17...
Ng4 $11) 17. Nb1 Nd7 {[%cal Gd7b6,Gb6c4]} (17... Ne4 18. Nbd2 Bg4 {Sin
problemas}) 18. Nd4 Nb6 19. Nd2 Nc4 $6 {Diagrama [#]} ({Era necesario} 19...
Nxd4 20. Bxd4 Nc4 21. Nb3 Bf5 {[%cal Gf5c2]} 22. Nc5 $14) 20. Nxe6 {Luego de
los cambios y ulterior presión sobre "e6" y el resto del centro negro las
blancas obtienen ventaja} fxe6 21. Nxc4 bxc4 22. Bg4 Qf7 ({Si} 22... Re8 23. f4
$16) 23. Bxg7 $1 {Diagrama [#]} e5 24. Bxc8 Rxc8 25. Bh6 Qg6 26. Rxd5 Ne7 {
Diagrama [#]} 27. Rd2 $2 ({Era muy fuerte} 27. Qd1 Nxd5 28. Qxd5+ Kh8 29. Bg5
c3 30. Bh4 c2 31. Rc1 Kg7 32. Bg3 $18) 27... Qxh6 28. Qd1 Rc6 29. Qg4+ (29. e4
{con idea de Tc2}) 29... Qg6 30. Qxg6+ hxg6 31. Rc1 Nc8 32. e4 Nb6 33. Rdc2 Be7
34. Kf1 Kf7 35. g3 g5 36. h3 Rh6 37. Kg2 $11 {Diagrama [#]} Rd6 $2 {Un mal
detalle que permite la próxima jugada blanca} (37... Rc6 $11) 38. a4 Nxa4 39.
Rxc4 Nb2 40. Rc6 Rd2 $2 ({era mejor} 40... Rxc6 41. Rxc6 Bxb4 42. Rxa6 Bc5 43.
Ra2 Bd4 {Con chances de tablas}) 41. Rxa6 Nd3 42. Rc7 Nxf2 43. Kf3 Nd1 44. g4
Kf8 45. Ra8+ Bd8 46. b5 Ke8 47. b6 Rf2+ 48. Kg3 Rb2 49. b7 1-0